000 00634nam a22001937a 4500
005 20251108175747.0
008 250721s2014 xx 000 0 ara d
082 1 4 _aط/ق/محف
100 1 _aمحفوظ، سحر نجا
_eمؤلف
245 1 0 _aيا ليتني أقول لا /
264 1 _aدمشق - سوريا :
_bدار الأصابع الذكية للنشر،
_c2014.
300 _a20ص.
650 1 7 _aادب الاطفال
650 1 7 _aالقصص القصيرة
653 _aالاطفال مرحلة متوسطة (6-9)سنوات
700 1 _aحاجو، جلنار
_eرسام
942 _2ddc
_cBK
999 _c141747
_d141747